LEADER 06216nam 22008295 450 001 9910520082003321 005 20260223105413.0 010 $a3-030-84189-8 024 7 $a10.1007/978-3-030-84189-8 035 $a(MiAaPQ)EBC6840229 035 $a(Au-PeEL)EBL6840229 035 $a(CKB)20443409700041 035 $a(OCoLC)1295272294 035 $a(DE-He213)978-3-030-84189-8 035 $a(EXLCZ)9920443409700041 100 $a20220103d2021 u| 0 101 0 $aeng 135 $aurcnu|||||||| 181 $ctxt$2rdacontent 182 $cc$2rdamedia 183 $acr$2rdacarrier 200 10$aParenting and Couple Relationships Among LGBTQ+ People in Diverse Contexts /$fedited by Normanda Araujo de Morais, Fabio Scorsolini-Comin, Elder Cerqueira-Santos 205 $a1st ed. 2021. 210 1$aCham :$cSpringer International Publishing :$cImprint: Springer,$d2021. 215 $a1 online resource (324 pages) 225 1 $aBehavioral Science and Psychology Series 311 08$aPrint version: Morais, Normanda Araujo de Parenting and Couple Relationships among LGBTQ+ People in Diverse Contexts Cham : Springer International Publishing AG,c2022 9783030841881 320 $aIncludes bibliographical references and index. 327 $aChapter 1. Persistent issues for LGBTQ+ families -- Chapter 2. LGBTQ+ conjugalities: reviewing gender (un)certainties -- Chapter 3. Attitudes toward LGBTQ+ people and LGBTQ+ rights in Continental American Hispanic Nations -- Chapter 4. Coming out in families of gay and lesbian people -- Chapter 5. Lesbian families: intersection between internalized homophobia and old age -- Chapter 6. Couple Relationships in Sexual Minority Emerging Adults: Considerations on Risk and Protective Factors and Implications for Clinical Practice -- Chapter 7. Social Transformations and Couple Relationships in Brazilian Gay Men -- Chapter 8. Vulnerabilities experienced by trans couples in times of Covid-19 -- Chapter 9. Resilience in families formed by same-sex couples -- Chapter 10. Methodological Strategies in Lesbian and Gay Parenting Research: A Systematic Review of Brazilian Scientific Literature -- Chapter 11. Social Work Practice with Lesbian, Gay, Bisexual, Transgender and Non-Binary (LGBTQ+) Parents -- Chapter 12. Building a Rainbow Family: Parenthood Aspirations of Lesbian, Gay, Bisexual, and Trans/Gender Diverse Individuals -- Chapter 13. ?I want to have children too?: Reproductive motivations and decisions in the LGBTQ+ community -- Chapter 14. Justice system professionals and adoption by same-sex couples -- Chapter 15. (Homo)parenting: from the adoption process to the child?s arrival -- Chapter 16. Coparenting, Parenting, Affectivity and Conflict in Homoparental Families -- Chapter 17. Child Development in Families with Gay and Lesbian Parents and Beliefs about Homosexuality. 330 $aThis book analyzes how the increasing number of same-sex couples is changing the traditional concepts of family and parenthood, and how these changes affect the psychological studies of family, couple relationships and human development. The majority of chapters included in this contributed volume present results of research conducted with LGBTQ+ people in Brazil, a country where same-sex couples have been recognized by the national legislation since 2011, but is currently facing a conservative wave which threatens much of the victories gained by the LGBTQ+ movement in recent years. That?s why this book aims to provide both updated theoretical and methodological contributions as well as ethically and political engaged reflections to the field of psychological studies of LGBTQ+ parenting and couple relationships. Chapters in this volume analyze different aspects of LGBTQ+ parenting and couple relationships, such as changes in the concept of family; the role of the family of origin in the coming out process of young adults; risk and protective factors in couple relationships between lesbians and gay men; vulnerabilities experienced by trans couples during the COVID-19 pandemic; how lesbians, gays, trans and non-binaries are approaching parenting and raising their families; factors that shape the reproductive decisions of LGBTQ+ individuals; adoption and coparenting in families composed of gay and lesbian couples, among other topics. Parenting and Couple Relationships Among LGBTQ+ People in Diverse Contexts will be of interest to social, developmental and family psychologists and social workers researching and working with same-sex couples and families, and with the LGBTQ+ population in general. 410 0$aBehavioral Science and Psychology Series 606 $aSex (Psychology) 606 $aDevelopmental psychology 606 $aSystemic therapy (Family therapy) 606 $aSociology 606 $aSocial groups 606 $aSex 606 $aPsychology of Gender and Sexuality 606 $aChild and Adolescence Psychology 606 $aSystems or Family Therapy 606 $aSociology of Family, Youth and Aging 606 $aGender Studies 606 $aFamílies homoparentals$2thub 606 $aRelacions familiars$2thub 606 $aParelles homosexuals$2thub 608 $aLlibres electrònics$2thub 615 0$aSex (Psychology) 615 0$aDevelopmental psychology. 615 0$aSystemic therapy (Family therapy) 615 0$aSociology. 615 0$aSocial groups. 615 0$aSex. 615 14$aPsychology of Gender and Sexuality. 615 24$aChild and Adolescence Psychology. 615 24$aSystems or Family Therapy. 615 24$aSociology of Family, Youth and Aging. 615 24$aGender Studies. 615 7$aFamílies homoparentals 615 7$aRelacions familiars 615 7$aParelles homosexuals 676 $a306.8740866 676 $a306.8740866 702 $aMorais$b Normanda Araujo de 702 $aScorsolini-Comin$b Fabio 702 $aCerqueira-Santos$b Elder 801 0$bMiAaPQ 801 1$bMiAaPQ 801 2$bMiAaPQ 906 $aBOOK 912 $a9910520082003321 996 $aParenting and Couple Relationships among LGBTQ+ People in Diverse Contexts$92581379 997 $aUNINA